Income tax : Law and practice incorporating income tax act 1961 as amended up to date assessment year 2011-2012 (Record no. 213018)

MARC details
000 -LEADER
fixed length control field 00499nam a2200157Ia 4500
008 - FIXED-LENGTH DATA ELEMENTS--GENERAL INFORMATION
fixed length control field 231221s9999 xx 000 0 und d
020 ## - INTERNATIONAL STANDARD BOOK NUMBER
International Standard Book Number 9790000000000
041 ## - LANGUAGE CODE
Language code of text/sound track or separate title English
082 ## - DEWEY DECIMAL CLASSIFICATION NUMBER
Classification number 343.052 GAU;1
100 ## - MAIN ENTRY--PERSONAL NAME
Personal name Gaur, V P. Narang, D B. Pujaghai...[et al ]
245 #0 - TITLE STATEMENT
Title Income tax : Law and practice incorporating income tax act 1961 as amended up to date assessment year 2011-2012
250 ## - EDITION STATEMENT
Edition statement 39th rev ed.
260 ## - PUBLICATION, DISTRIBUTION, ETC.
Date of publication, distribution, etc. 2011
Name of publisher, distributor, etc. Kalayani
Place of publication, distribution, etc. Ludhiana
300 ## - PHYSICAL DESCRIPTION
Extent xxii, 6+96
942 ## - ADDED ENTRY ELEMENTS (KOHA)
Koha item type Business Management Library
Holdings
Date last seen Total checkouts Full call number Accession number Cost, total (INR) price Price effective from Category Lost status Damaged status Department Withdrawn status Home library Current library Shelving location Entry date Vendor Cost, normal purchase price Grants Billnumber Billdate Currency symbol Conversion rate Discount Old discount
26/01/2024   343.052 GAU;1 BM1785 297.00 26/01/2024 Business Management Library     Central Library   Central Library Central Library Central Library   Book Paradise 330.00 BM 64805 30/06/2016 RS 1 33 10
26/01/2024   343.052 GAU;2 R BM1786 297.00 26/01/2024 Business Management Library     Central Library   Central Library Central Library Central Library   Book Paradise 330.00 BM 64805 14/07/2016 RS 1 33 10
26/01/2024   343.052 GAU;3 R1 BM1787 297.00 26/01/2024 Business Management Library     Central Library   Central Library Central Library Central Library   Book Paradise 330.00 BM 64805 05/07/2016 RS 1 33 10
26/01/2024   343.052 GAU;4 BM1788 297.00 26/01/2024 Business Management Library     Central Library   Central Library Central Library Central Library   Book Paradise 330.00 BM 64805 05/07/2016 RS 1 33 10

© For any Suggestions or Query, please contact the library staff @ librarian@pes.edu or Phone: +9180 2672 1983/ 2108.